A szabadság ügye
Elmentve itt :
| Szerző: | |
|---|---|
| Adatforrás: | Philobibl |
| Forrásdokumentuma: | Rubicon 2004:5. p. 58-63. |
| Dokumentumtípus: | Cikk |
| Nyelv: | magyar |
| Kulcsszavak: | Bibó István |
| LEADER | 00301nab a2200109 c 4500 | ||
|---|---|---|---|
| 001 | bibPHI0038798 | ||
| 005 | 20200924124049.5 | ||
| 008 | 100708s2004 hu hun | ||
| 100 | 1 | |a Dénes Iván Zoltán | |
| 245 | 1 | 2 | |a A szabadság ügye |c Dénes Iván Zoltán |
| 695 | |a Bibó István | ||
| 773 | 0 | |t Rubicon |g 2004:5. p. 58-63. | |